| 000 | 01333nam a2200361 i 4500 | ||
|---|---|---|---|
| 001 | 000017863 | ||
| 003 | DO-SdBNP | ||
| 005 | 20260421115017.0 | ||
| 007 | ta | ||
| 008 | 100406s2003 dr ac 000 0 spa d | ||
| 040 |
_aDO-SdBNP _bspa _cBNPHU _erda |
||
| 041 | _aspa | ||
| 082 | 4 |
_a923.27293 _bB742p _222 |
|
| 100 | 1 |
_aPérez Stefan, Reynolds J _eautor _4aut. _938778 |
|
| 245 | 1 | 0 |
_aMemorias de Juanito / _cReynolds J. Pérez Stefan ; prólogo, León David. |
| 250 | _aPrimera edición | ||
| 264 |
_aLa Vega, República Dominicana : _bUniversal, _c2003. |
||
| 300 |
_a235 páginas : _bilustraciones, retratos ; _c26 cm. |
||
| 336 |
_atexto _btxt _2rdacontent |
||
| 337 |
_asin mediación _bn _2rdamedia |
||
| 338 |
_avolumen _bnc _2rdacarrier |
||
| 490 | 0 |
_aColección Sociedad la Progresista _v1 |
|
| 500 | _aIncluye datos biográficos del autor en la solapa de la cubierta | ||
| 500 | _aIncluye notas al pie de las páginas | ||
| 504 | _aBibliografía: páginas 230-232 | ||
| 590 | _aInventariado, 2022/MFF | ||
| 600 | 1 | 0 |
_a Bosch, Juan, _d1909-2001 _976555 |
| 650 | 4 |
_aPresidentes _zRepública Dominicana _vBiografías _91288 |
|
| 651 | 0 |
_aRepública Dominicana -- _xHistoria -- _y1961- _96572 |
|
| 700 | 1 |
_aLeón David, _d1945- _eprologuista _984930 |
|
| 910 | _aValidado. Control de calidad MFF | ||
| 942 |
_2ddc _cLBS1 |
||
| 999 |
_c17387 _d17387 |
||